Vista normal Vista MARC

Entrada Corporate Name

Número de registros utilizados en: 1

001 - CONTROL NUMBER

  • control field: 41127

003 - CONTROL NUMBER IDENTIFIER

  • control field: OSt

005 - DATE AND TIME OF LATEST TRANSACTION

  • control field: 20211012150723.0

008 - FIXED-LENGTH DATA ELEMENTS

  • fixed length control field: 211012|| aca||aabn | a|a d

040 ## - CATALOGING SOURCE

  • Original cataloging agency: OSt
  • Transcribing agency: OSt

110 ## - HEADING--CORPORATE NAME

  • Corporate name or jurisdiction name as entry element: Instituto Colombiano Agropecuario

670 ## - SOURCE DATA FOUND

  • Source citation: Work cat.: (OSt)12604: Ministerio de agricultura Instituto Colombiano Agropecuario ICA autor 41125, 25 años de tecnología agropecuaria al servicio de Colombia / , 1987.